ΕΟΚ - Ελλάδα - Μεσόγειος
Αποθηκεύτηκε σε:
| Κύριος συγγραφέας: | |
|---|---|
| Άλλοι συγγραφείς: | |
| Μορφή: | Βιβλίο |
| Γλώσσα: | Greek |
| Δημοσίευση: |
Αθήνα :
Νέα Σύνορα,
1978.
|
| Σειρά: | (Σύγχρονα ελληνικά προβλήματα ;
4) |
| Θέματα: | |
| Ετικέτες: |
Προσθήκη ετικέτας
Δεν υπάρχουν, Καταχωρήστε ετικέτα πρώτοι!
|
MARC
| LEADER | 00000cam a2200000 a 4500 | ||
|---|---|---|---|
| 001 | 1/118708 | ||
| 008 | 190517t1978####gr | ||| |||| ||gre|| | ||
| 040 | |a GR-MyUa |b gre |c GR-MyUa |e AACR2 | ||
| 041 | 0 | |a gre | |
| 082 | 7 | |a 327.495 |2 (23) | |
| 245 | 0 | 0 | |a ΕΟΚ - Ελλάδα - Μεσόγειος / |c Buck H. ... [και ά.]. ; πρόλογος - επιμέλεια : Μάριος Νικολινάκος. |
| 260 | |a Αθήνα : |b Νέα Σύνορα, |c 1978. | ||
| 300 | |a 375 σ. : |b πίν. ; |c 21 εκ. | ||
| 490 | 1 | |a (Σύγχρονα ελληνικά προβλήματα ; |v 4) | |
| 610 | 2 | 0 | |a European Economic Community |z Greece. |
| 610 | 2 | 0 | |a European Economic Community |z Mediterranean Region. |
| 700 | 1 | |a Buck, Karl-Hermann, |e aut | |
| 700 | 1 | |a Νικολινάκος, Μάριος, |d 1935- |e aui | |
| 852 | |a INST |b CHIOS |c TSAMOYRGELIS |e 20190517 |h 327.495 ΕΟΚ |p 005200038715 |q 005200038715 |t BK |y 0 | ||
| 970 | |a Παροικάκη |b Βασιλική |z 17-05-2019 | ||